| 000 -LEADER |
| fixed length control field |
00675cam a22002414a 4500 |
| 003 - CONTROL NUMBER IDENTIFIER |
| control field |
OSt |
| 005 - DATE AND TIME OF LATEST TRANSACTION |
| control field |
20220303124955.0 |
| 008 - FIXED-LENGTH DATA ELEMENTS--GENERAL INFORMATION |
| fixed length control field |
040329s2004 nyua 001 0 eng |
| 020 ## - INTERNATIONAL STANDARD BOOK NUMBER |
| International Standard Book Number |
9780071440080 |
| 082 00 - DEWEY DECIMAL CLASSIFICATION NUMBER |
| Classification number |
694 |
| Edition number |
22 |
| Item number |
MIL |
| 100 1# - MAIN ENTRY--PERSONAL NAME |
| Personal name |
Miller, Mark R. |
| 245 10 - TITLE STATEMENT |
| Title |
Carpentry & construction / |
| Statement of responsibility, etc |
Mark R. Miller, Rex Miller, Glenn E. Baker. |
| 246 3# - VARYING FORM OF TITLE |
| Title proper/short title |
Carpentry and construction |
| 250 ## - EDITION STATEMENT |
| Edition statement |
4th ed. |
| 260 ## - PUBLICATION, DISTRIBUTION, ETC. (IMPRINT) |
| Place of publication, distribution, etc |
New York : |
| Name of publisher, distributor, etc |
McGraw-Hill, |
| Date of publication, distribution, etc |
c2004. |
| 300 ## - PHYSICAL DESCRIPTION |
| Extent |
xvi, 696 p. : |
| Other physical details |
ill. ; |
| Dimensions |
28 cm. |
| 500 ## - GENERAL NOTE |
| General note |
Includes index. |
| 650 #0 - SUBJECT ADDED ENTRY--TOPICAL TERM |
| Topical term or geographic name as entry element |
Carpentry. |
| 650 #0 - SUBJECT ADDED ENTRY--TOPICAL TERM |
| Topical term or geographic name as entry element |
House construction. |
| 700 1# - ADDED ENTRY--PERSONAL NAME |
| Personal name |
Miller, Rex, |
| Dates associated with a name |
1929- |
| 700 1# - ADDED ENTRY--PERSONAL NAME |
| Personal name |
Baker, Glenn E. |
| 942 ## - ADDED ENTRY ELEMENTS (KOHA) |
| Source of classification or shelving scheme |
|